Bahía blanca /

Guardado en:
Autor Principal: Kohan, Martín
Formato: Libro
Publicado: Barcelona : Anagrama, 2012
Series:Narrativas hispánicas, 494
Materias:
Etiquetas: Agregar Etiqueta
Sin Etiquetas, Sea el primero en etiquetar este registro!
LEADER 00594nam a22002175a 4500
001 CEM.cems013741
005 20120814110058.0
008 130507s2012##################000#0#####d
003 CEMS
020 |a 9788433972330 
082 0 4 |a A863.4 
100 1 |a Kohan, Martín 
245 1 0 |a Bahía blanca /  |c Martín Kohan 
260 |a Barcelona :  |b Anagrama,  |c 2012 
300 |a 276 p. 
490 0 |a Narrativas hispánicas, 494 
653 |a Literatura 
653 |a Literatura argentina 
653 |a Novelas 
653 |a Novelas argentinas 
859 |a CEMS  |b BIB. CEMS - 11 de abril  |h A863.4  |i K823  |p 26479.12  |t Ej.1